| 000 | 00350 a2200157 4500 | ||
|---|---|---|---|
| 001 | 71566 | ||
| 020 | _a8508053487 | ||
| 040 | _cAnchieta - Colégio São Paulo | ||
| 100 | _aHayes, Ann | ||
| 240 | 1 | 0 |
_aConheça a Orquestra _lpor |
| 245 | 1 | 0 | _aConheça a Orquestra |
| 300 | _a[30] | ||
| 362 | 0 | _a2001 | |
| 650 | 4 | _aLiteratura infantil | |
| 942 | _cBK | ||
| 999 |
_c71566 _d71566 |
||